000 00646nam a2200205Ia 4500
003 SISC
005 20160823090155.0
008 140321s9999 xx 000 0 und d
020 _a9780538453639
050 _aHB 172
_b.B37 2012
100 _aBaumol, William J.
245 _aMicroeconomics :
_bprinciples and policy /
_cWilliam J. Baumol and Alan S. Blinder.
250 _a12th edition.
260 _aOhio :
_bSouth-Western Cengage Learning,
_c2012.
300 _a523 pages :
_bill. ;
_c28 cm.
500 _aIncludes glossary, bibliographical references and index.
650 _aMicroeconomics.
942 _kFOR
_cBK
_2lcc
999 _c48208
_d48208